00530nam a2200205Ia 4500003000900000008004100009040001300050040001300063041000800076100002300084245002100107250001200128260002100140260000900161300001100170300001000181490001600191490000700207600011000214IT-RoPAU120407s9999 xx 000 0 und d aIT-RoPAU cIT-RoPAU aita aFernande Isambert  aI nonni d’oggi aMilano  aEdizioni Paoline c1971 a164 p. c18 cm aLa famiglia v51 a"Tit. orig.: Grands-parents d’aujourd’hui. Trad. G. Agius 1 - Nonni 1 Agius Giuiseppe 301.435"